K situaci na trhu práce v roce 2000

Vývoj na trhu práce v roku 2000 v ČR. Stav v oblasti zamestnanosti, nezamestnanosti a aktívnej politiky zamestnanosti. Predpoklady vývoja v týchto oblastiach v roku 2001.

Enregistré dans:
Détails bibliographiques
Auteur principal: Dušánková, Olga
Autres auteurs: Ptáčníková, Naděžda
Format: Chapitre de livre
Langue:tchèque
Sujets:
Tags: Ajouter un tag
Pas de tags, Soyez le premier à ajouter un tag!

MARC

LEADER 00000naa a2200000 4500
001 r042406
005 20230913071929.9
041 0 |a cze 
044 |a CZ 
245 1 0 |a K situaci na trhu práce v roce 2000  |c Olga Dušánková, Naděžda Ptáčníková 
520 |a Vývoj na trhu práce v roku 2000 v ČR. Stav v oblasti zamestnanosti, nezamestnanosti a aktívnej politiky zamestnanosti. Predpoklady vývoja v týchto oblastiach v roku 2001. 
610 2 0 |a trh práce 
610 2 0 |a zamestnanosť 
610 2 0 |a nezamestnanosť 
610 2 0 |a politika zamestnanosti 
610 2 0 |a Česko 
610 2 0 |a 2000 
100 1 |a Dušánková, Olga 
700 1 |a Ptáčníková, Naděžda